The dream doctor : the new adventure of Craig Kennedy, scientific detective /

Bibliographic Details
Main Author: Reeve, Arthur B. (Arthur Benjamin), 1880-1936
Format: Book
Language:English
Published: New York : Van Rees Press, 1915

MARC

Tag First Indicator Second Indicator Subfields
LEADER 00000cam a2200000 i 4500
001 in00000094931
005 20150927110606.0
008 771012c19151914nyu 00011 eng d
035 |a (OCoLC)03336052 
035 |9 AAL6808AM 
040 |a ISU  |c ISU  |d TXA  |d UtOrBLW 
049 |a TXAS  |c [1101387] 
090 |a PZ3.R2569  |b D 1915 
100 1 |a Reeve, Arthur B.  |q (Arthur Benjamin),  |d 1880-1936. 
245 1 4 |a The dream doctor :  |b the new adventure of Craig Kennedy, scientific detective /  |c by Arthur B. Reeve ; illustrated by Will Foster. 
264 1 |a New York :  |b Van Rees Press,  |c 1915 
264 4 |c ©1914 
300 |a 379 pages ;  |c 20 cm. 
336 |a text  |b txt  |2 rdacontent 
337 |a unmediated  |b n  |2 rdamedia 
338 |a volume  |b nc  |2 rdacarrier 
999 |a MARS 
999 f f |s 7420461a-c968-3225-bf83-26860a7b7df1  |i e593a6dd-1088-3815-933b-0d708189ff45  |t 0 
952 f f |p noncirc  |a Texas A&M University  |b College Station  |c Cushing Memorial Library & Archives  |d Cushing: Science Fiction (Does not check out)  |t 0  |e PZ3.R2569 D 1915  |h Library of Congress classification  |i unmediated -- volume  |m A14800425354 
998 f f |a PZ3.R2569 D 1915  |t 0  |l Cushing: Science Fiction (Does not check out)